Statistiche per Classifica ATP 2015

Clicka qui per fare il quiz!

Statistiche generali

  • Questo quiz è stato fatto 2 volte
  • Il punteggio medio è 12 su 15

Statistiche sulle risposte

NazionePunteggioTennista% Corretto
Regno Unito8945Andy Murray
100%
Spagna4305David Ferrer
100%
Stati Uniti2495John Isner
100%
Francia2635Jo-Wilfried Tsonga
100%
Croazia2405Marin Cilic
100%
Canada2170Milos Raonic
100%
Serbia16585Novak Djokovic
100%
Spagna5230Rafael Nadal
100%
Svizzera8265Roger Federer
100%
Svizzera6865Stan Wawrinka
100%
Repubblica Ceca4620Tomas Berdych
100%
Francia2850Richard Gasquet
50%
Francia2145Gilles Simon
0%
Giappone4235Kei Nishikori
0%
Sudafrica2475Kevin Anderson
0%

Distribuzione punteggi

Percentile per numero di risposta

Percentuale di utenti per punteggio

I tuoi punteggi nel tempo

Non hai fatto questo quiz